| 000 | 00734nam a2200217 4500 | ||
|---|---|---|---|
| 001 | 77931 | ||
| 003 | BD-RjUL | ||
| 005 | 20211209083052.0 | ||
| 008 | 210213s2013 ||||| |||| 00| 0 ara d | ||
| 035 | _a(BD-RjUL)78157 | ||
| 040 |
_aBD-RjUL _beng _cBD-RjUL |
||
| 041 | _aara | ||
| 082 |
_223 _a297 _bAQT 2013 |
||
| 100 | 1 |
_4العقاد، عباس محمود ;; Akkad, Abbas Mahmoud _d1889-1964 _9244851 |
|
| 245 | 1 | 0 |
_aالتفكير : فريضة اسلامية /al-tafkir : faridat 'iislamiat. _c Abbas Mahmoud Al-Akkad ;; عباس محمود العقاد |
| 260 |
_a القاهرة : _bدار الهلال , _c2013 |
||
| 300 |
_a157 p. ; _c24 cm. |
||
| 650 |
_aIslam _9244852 |
||
| 650 |
_aالاسلام _9243493 |
||
| 942 |
_2ddc _cBK |
||
| 999 |
_c77931 _d77931 |
||